Výlet za hranice všedních dnů vychovatelů - 2. část

Podrobná bibliografia
Hlavný autor: Bartoš, Václav (Autor)
Médium: Článok
Jazyk:čeština
Predmet:

MARC

LEADER 00000nab a2200000 a 4500
001 vtls000429624
003 SK-MaSNL
005 20260304045636.0
008 230120c1991 xo 0 cze
015 |a SNBRB19rr/mm-uuuuu 
035 |a CL0429752 
035 |a urn:nbn:sk:snk-abd212 
035 |a (urnnbn)urn:nbn:sk:snk:ar-007suo 
035 |a (uuid)4a389608-6b47-4a97-a647-78eccb4d69d9 
040 |a SNKBUCL  |b slo  |c SNKBUCL  |e AACR2 
041 0 |a cze 
044 |a xo  |c SK 
080 |a 374(436)  |2 1981 
080 |a 371.125  |2 1981 
100 1 |a Bartoš, Václav  |4 aut  |9 608229 
245 1 0 |a Výlet za hranice všedních dnů vychovatelů - 2. část  |c Václav Bartoš 
650 0 7 |a vychovávatelia  |2 snkbucl  |9 20275 
650 0 7 |a mimoškolská výchova  |2 snkbucl  |9 68710 
651 7 |a Rakúsko  |2 snkbucl  |9 18533 
655 7 |a články z novín a časopisov  |2 snkbucl  |9 267496 
773 0 |t Vychovávateľ  |g Roč. 36, č. 1 (1991), s. 26-27 
850 |a Slovenská národná knižnica v Martine  |a MTA001 
852 |a SNK  |b KIS3GCP 
958 |a RK 
958 |a OND 
958 |a EUIPO 
958 |a article17 
992 |a RBX 
999 |c 2693675  |d 2695605